|
|
|
|
| LEADER |
00000nab a2200000 a 4500 |
| 001 |
vtls008839545 |
| 003 |
SK-MaSNL |
| 005 |
20260304133630.0 |
| 008 |
250505c2006 xo |||||||| |000 b|slo |
| 015 |
|
|
|a SNBRB2006/08
|2 snkbucl
|
| 035 |
|
|
|a (uuid)7498bbcd-53de-445c-8b8f-c94e55a297cb
|
| 035 |
|
|
|a urn:nbn:sk:snk-ab1wkk
|
| 035 |
|
|
|a (urnnbn)urn:nbn:sk:snk:ar-a014zm
|
| 038 |
|
|
|a SNKBUCL
|
| 040 |
|
|
|a SNKBUCL
|b slo
|c SNKBUCL
|e AACR2
|
| 041 |
0 |
|
|a hun
|
| 044 |
|
|
|a xo
|c SK
|
| 080 |
|
|
|a 821.511.141-32=511.141
|2 1997
|
| 100 |
1 |
|
|a Gerőcs, Péter,
|d 1985-
|4 aut
|9 353406
|
| 245 |
1 |
0 |
|a Túloldal
|c Gerőcs Péter
|
| 300 |
|
|
|b Obr.
|
| 650 |
0 |
7 |
|a psychologické poviedky, maďarské
|2 snkbucl
|9 71096
|
| 773 |
0 |
|
|t Kalligram : művészet és gondolat
|g Évf. XV, sz. július-augusztus (2006), o. 29-34
|x 1335-1826
|
| 850 |
|
|
|a Slovenská národná knižnica
|
| 852 |
|
|
|a Slovenská národná knižnica
|
| 958 |
|
|
|a article27
|
| 958 |
|
|
|a OND
|
| 958 |
|
|
|a HU
|
| 958 |
|
|
|a LX
|
| 958 |
|
|
|a EUIPO
|
| 999 |
|
|
|c 2902813
|d 2904743
|